GLOBAL MARKETING AND ADVERTISING UNDERST (Record no. 14216)

MARC details
000 -LEADER
fixed length control field 00365nam a2200145Ia 4500
008 - FIXED-LENGTH DATA ELEMENTS--GENERAL INFORMATION
fixed length control field 240624s9999 xx 000 0 und d
041 ## - LANGUAGE CODE
Language code of text/sound track or separate title eng
082 ## - DEWEY DECIMAL CLASSIFICATION NUMBER
Classification number 658.8 MOO
100 ## - MAIN ENTRY--PERSONAL NAME
Personal name MOOIJ MARIEKE K DE
245 ## - TITLE STATEMENT
Title GLOBAL MARKETING AND ADVERTISING UNDERST
250 ## - EDITION STATEMENT
Edition statement (3ed)
260 ## - PUBLICATION, DISTRIBUTION, ETC.
Date of publication, distribution, etc. 2009
Place of publication, distribution, etc. New Delhi
Name of publisher, distributor, etc. Sage Publications
300 ## - PHYSICAL DESCRIPTION
Extent 344 : p.
365 ## - TRADE PRICE
Currency code
Price amount 30
Holdings
Withdrawn status Lost status Damaged status Not for loan Home library Current library Shelving location Date acquired Source of acquisition Cost, normal purchase price Total Holds Full call number Barcode Date last seen Copy number Price effective from Koha item type
        IMTN IMTN Rack 35-A 01/15/2010 BWE 56.95 7324 658.8 MOO 14216 06/24/2024 48.3 06/24/2024 Books
Designed & Maintained by: LRC IMT Nagpur Contact: lrc@imtnag.ac.in© 2024. All Rights Reserved.